000 00933cam a2200277 i 4500
001 17907084
005 20241018160919.0
008 131017s2014 enka 001 0 eng
020 _a9780415641364 (pbk)
020 _a0415641365 (pbk)
020 _a9780415641357 (hbk)
020 _a0415641357 (hbk)
020 _z9781315813035 (ebk)
020 _z1315813033 (ebk)
050 0 0 _aKD660
_b.B37 2014
082 0 0 _a349.42
_223
100 1 _aBarker, David,
_d1934-
_eauthor.
245 1 0 _aLaw made simple
_cD.L.A. Barker, AM, LLB, MPhil, LLM, DipLG, GradDipLegPrac, FAAL, FACIS, FCIS, FCI Mgt, FAIM, FACE, FAICD.
250 _aThirteenth edition.
260 _aNew York
_bRoutledge - Taylor & Francis Group
_c2014
300 _axxxiii, 387 pages :
_billustrations ;
_c25 cm
500 _aIncludes index.
650 0 _aLaw
_zEngland.
700 _aBarker, David
_cLaw made simple
_eAuthor
942 _2lcc
_cBK
_eThirteenth edition
_n0
999 _c66
_d66